English Grammar in Use (Record no. 351471)

000 -LEADER
fixed length control field 00565nam a22001937a 4500
003 - CONTROL NUMBER IDENTIFIER
control field OSt
005 - DATE AND TIME OF LATEST TRANSACTION
control field 20240907100030.0
008 - FIXED-LENGTH DATA ELEMENTS--GENERAL INFORMATION
fixed length control field 160721b xxu||||| |||| 00| 0 eng d
020 ## - INTERNATIONAL STANDARD BOOK NUMBER
International Standard Book Number 9780521189064
040 ## - CATALOGING SOURCE
Transcribing agency 0
082 ## - DEWEY DECIMAL CLASSIFICATION NUMBER
Classification number 428.2 MUR 2012
100 ## - MAIN ENTRY--PERSONAL NAME
Personal name Raymond Murphy
9 (RLIN) 125696
245 ## - TITLE STATEMENT
Title English Grammar in Use
Remainder of title A Self-Study reference and practice book for Intermediate learners of english
Statement of responsibility, etc. Raymond Murphy
250 ## - EDITION STATEMENT
Edition statement 4th
260 ## - PUBLICATION, DISTRIBUTION, ETC.
Place of publication, distribution, etc. UK
Name of publisher, distributor, etc. Cambridge
Date of publication, distribution, etc. 2012
300 ## - PHYSICAL DESCRIPTION
Extent 380 p.
Other physical details PB
440 ## - SERIES STATEMENT/ADDED ENTRY--TITLE
Title English Grammar in Use
9 (RLIN) 125697
942 ## - ADDED ENTRY ELEMENTS (KOHA)
Source of classification or shelving scheme
Koha item type CSS Corner
Holdings
Withdrawn status Lost status Source of classification or shelving scheme Materials specified (bound volume or other part) Damaged status Not for loan Permanent Location Current Location Shelving location Date acquired Total Checkouts Total Renewals Full call number Barcode Checked out Date last seen Date last checked out Price effective from Koha item type Public note
      CSS Corner Book     Central Library (CL) Central Library (CL) Central Superior Services 07/21/2016 5 6 428.2 MUR 2012 NBSD-2631 12/22/2024 11/22/2024 11/22/2024 07/21/2016 CSS Corner  
            US-Pakistan Center for Advanced Studies in Energy (USPCAS-E) US-Pakistan Center for Advanced Studies in Energy (USPCAS-E)   04/08/2026     428.2 MUR 2019 CAS-E0005717   04/08/2026   04/08/2026 Book 5th ed
            US-Pakistan Center for Advanced Studies in Energy (USPCAS-E) US-Pakistan Center for Advanced Studies in Energy (USPCAS-E)   04/08/2026     428.2 MUR 2019 CAS-E0005718   04/08/2026   04/08/2026 Book 5th ed
© 2023 Central Library, National University of Sciences and Technology. All Rights Reserved.